000
00484nam a22001217a 4500
040
_c
SY
082
_a
333
100
_a
ក្រសួងកសិកម្ម
245
_a
គោលការណ៍ណែនាំសំរាប់ប្រព័ន្ធនៃការធ្វើផែនគ្រប់គ្រងព្រៃសម្បទាន
260
_a
ក្រសួងកសិកម្ម
_b
ក្រសួងកសិកម្ម
_c
NA
300
_a
122p.
942
_c
KB
999
_c
9912
_d
9912